00176nam a2200073Ia 4500082001500000245002500015100002100040008004100061 aLP AF COET 0aNektar van die gode  a Coetzee, Jana 210825s9999 xx 000 0 und d